000 00570cam a22002171 4500
001 sa 65001807
003 DLC
005 20260227112111.0
008 890802s1963 ii c 000 0 hino
010 _asa 65001807
035 _a(OCoLC)20113654
040 _aDLC
_cWaU
_dDLC
042 _apremarc
050 0 0 _aPK2098.P7
_bK326
100 1 _aRāṭhaura, Vijayabahādurasiṃha.
245 1 0 _aKāmāyanī-rahasya.
260 _c1963.
300 _a2, 2, 527 p.
_bport.
_c23 cm.
500 _aIn Hindi.
600 1 0 _aPrasad, Jai Shankar,
_d1889-1937.
_tKāmāyanī.
999 _c62242
_d62242